| 000 | 00373 a2200157 4500 | ||
|---|---|---|---|
| 001 | 75740 | ||
| 020 | _a9788516064860 | ||
| 040 | _cAnchieta - Colégio São Paulo | ||
| 100 | _aCarroll, Lewis | ||
| 240 | 1 | 0 |
_aAlice no País das Maravilhas _lpor |
| 245 | 1 | 0 | _aAlice no País das Maravilhas |
| 300 | _a207 | ||
| 362 | 0 | _a2013 | |
| 650 | 4 | _aLiteratura juvenil | |
| 942 | _cBK | ||
| 999 |
_c75740 _d75740 |
||